000 00750nam a2200241Ia 4500
003 GCL
008 140319s9999 xx 000 0 ara d
040 _aGCL /
_cGCL
082 0 4 _a341.69
_bم ح
100 1 _aمحمد على عابدين
245 1 0 _aالحجيةالتاريخية لاحتلال الكويت /
_cمحمد على عابدين
300 _a137 ص
490 _a
650 0 4 _aالعصر الحديث
650 0 4 _aالسياسة الدولية
650 0 4 _aالخليج العربى
650 0 4 _aحرب الخليج
650 0 4 _aالاحتلال العراقى
650 0 4 _aالادعاءات
650 0 4 _aالاحتلال العراقى (1990 - 1991)
650 0 4 _aالكويت - تاريخ
942 _2ddc
_cBK
999 _c46676
_d46676